Nommez le département à partir de son numéro - Statistiques

Statistiques générales
  • Ce quiz a été pris 27 fois
  • Le résultat moyen est 18 sur 101
Statistiques - réponses
Hint Réponse % Correct
78 Yvelines
71%
15 Cantal
65%
16 Charente
59%
59 Nord
59%
85 Vendée
59%
18 Cher
53%
38 Isère
53%
58 Nièvre
53%
62 Pas-de-Calais
53%
63 Puy-de-Dôme
53%
76 Seine-Maritime
53%
84 Vaucluse
53%
88 Vosges
53%
44 Loire-Atlantique
47%
53 Mayenne
47%
54 Meurthe-et-Moselle
47%
73 Savoie
47%
93 Seine-Saint-Denis
47%
02 Aisne
41%
09 Ariège
41%
13 Bouches-du-Rhône
41%
2A Corse-du-Sud
41%
24 Dordogne
41%
17 Charente-Maritime
35%
77 Seine-et-Marne
35%
22 Côte-d'Armor
29%
79 Deux-Sèvres
29%
33 Gironde
29%
35 Ille-et-Vilaine
29%
47 Lot-et-Garonne
29%
50 Manche
29%
06 Alpes-Maritimes
24%
91 Essonne
24%
31 Haute-Garonne
24%
65 Hautes-Pyrénées
24%
42 Loire
24%
07 Ardèche
18%
10 Aube
18%
52 Haute-Marne
18%
68 Haut-Rhin
18%
56 Morbihan
18%
71 Saône-et-Loire
18%
95 Val-d'Oise
18%
12 Aveyron
12%
21 Côte-d'or
12%
30 Gard
12%
976 Mayotte
12%
81 Tarn
12%
83 Var
12%
86 Vienne
12%
08 Ardennes
6%
14 Calvados
6%
43 Haute-Loire
6%
05 Hautes-Alpes
6%
92 Hauts-de-Seine
6%
972 Martinique
6%
55 Meuse
6%
57 Moselle
6%
69 Rhône
6%
89 Yonne
6%
01 Ain
0%
03 Allier
0%
04 Alpes-de-Haute-Provence
0%
11 Aude
0%
67 Bas-Rhin
0%
19 Corrèze
0%
23 Creuse
0%
25 Doubs
0%
26 Drôme
0%
27 Eure
0%
28 Eure-et-Loir
0%
29 Finistère
0%
32 Gers
0%
971 Guadeloupe
0%
973 Guyane
0%
2B Haute-Corse
0%
70 Haute-Saône
0%
74 Haute-Savoie
0%
87 Haute-vienne
0%
34 Hérault
0%
36 Indre
0%
37 Indre-et-Loire
0%
39 Jura
0%
40 Landes
0%
974 La Réunion
0%
45 Loiret
0%
41 Loir-et-Cher
0%
46 Lot
0%
48 Lozere
0%
49 Maine-et-Loire
0%
51 Marne
0%
60 Oise
0%
61 Orne
0%
75 Paris
0%
64 Pyrénées-Atlantiques
0%
66 Pyrénées-orientales
0%
72 Sarthe
0%
80 Somme
0%
82 Tarn-et-Garonne
0%
90 Territoire de Belfort
0%
94 Val-de-Marne
0%
Aucun quiz correspondant
Distribution des résultats
% des personnes avec chaque résultat
Percentile par nombre de réponses
Votre historique - résultats
Vous n’avez pas pris ce quiz